00914nac a22002531u 4500010001700000020003500017020001800052020001500070082001500085090001500100100003400115245007100149246002000220260005100240300003300291504005100324650001100375650002300386650002100409856008100430942001700511999001500528952011700543 a 2005935202 a0618161252 (main student text) a9780618161256 a061816125200a332bC8849 c2387d2387 aCroushore, Dean Darrel 10aMoney and banking :ba policy-oriented approach /cDean Croushore.14aMoney & banking aBoston, MA :bHoughton Mifflin Co.,2007c2007. axx, 588 p. :bill. ;c24 cm. aIncludes bibliographical references and index. 0aMoney. 0aBanks and banking. 0aMonetary policy.413Table of contents onlyuhttp://www.loc.gov/catdir/toc/fy0614/2005935202.html cBBk332C8849 c2387d2387 00104070aMAINbMAINc1STd2007-02-19ePurchasel6m8o332 CROp000001684r2025-07-15 00:00:00s2021-07-29yBB